00334nam a2200145Ia 4500008004100000020001500041041000800056082001700064100001600081245001800097250000600115260003800121300001100159650001800170210716s1998 xx 000 0 und d a8170299535 aeng a005.133 PATR aPatel, R B. aGo through c. a1 aNew DelhibBPB Publicationsc1998 a391,24 aC Programming